<?xml version="1.0" encoding="UTF-8"?>
<record
    xmlns:xsi="http://www.w3.org/2001/XMLSchema-instance"
    xsi:schemaLocation="http://www.loc.gov/MARC21/slim http://www.loc.gov/standards/marcxml/schema/MARC21slim.xsd"
    xmlns="http://www.loc.gov/MARC21/slim">

  <leader>02787cam a2200289 a 4500</leader>
  <controlfield tag="001">000003434</controlfield>
  <controlfield tag="003">DO-SdBNP</controlfield>
  <controlfield tag="005">20220808152651.0</controlfield>
  <controlfield tag="007">ta</controlfield>
  <controlfield tag="008">930223s1987    ck ad         000 0 spa d</controlfield>
  <datafield tag="020" ind1=" " ind2=" ">
    <subfield code="a">9586250687</subfield>
  </datafield>
  <datafield tag="040" ind1=" " ind2=" ">
    <subfield code="a">DO-SdBNP</subfield>
    <subfield code="b">spa</subfield>
    <subfield code="c">BNPHU</subfield>
  </datafield>
  <datafield tag="082" ind1=" " ind2="4">
    <subfield code="a">266</subfield>
    <subfield code="b">C755p</subfield>
    <subfield code="2">22</subfield>
  </datafield>
  <datafield tag="110" ind1="1" ind2=" ">
    <subfield code="a">Consejo Epicopal Latinoamericano</subfield>
    <subfield code="9">81235</subfield>
  </datafield>
  <datafield tag="245" ind1="0" ind2="0">
    <subfield code="a">Pastoral juvenil,  si a la civilizacion del amor /</subfield>
  </datafield>
  <datafield tag="260" ind1=" " ind2=" ">
    <subfield code="a">Bogota, Colombia :</subfield>
    <subfield code="b">Seccion de Juventud, CELAM,</subfield>
    <subfield code="c">1987.</subfield>
  </datafield>
  <datafield tag="300" ind1=" " ind2=" ">
    <subfield code="a">233 p. :</subfield>
    <subfield code="b">il. ;</subfield>
    <subfield code="c">21 cm.</subfield>
  </datafield>
  <datafield tag="490" ind1="1" ind2=" ">
    <subfield code="a">Documentos CELAM ;</subfield>
    <subfield code="v">93</subfield>
  </datafield>
  <datafield tag="505" ind1=" " ind2=" ">
    <subfield code="a">Presentaci&#xF3;n 7|MARCO DE REALIDAD|Introducci&#xF3;n 13|VISION PASTORAL DE LA REALIDAD LATINOAMERICA 15|EL CONTEXTO LATINOAMERICANO 15|VISION PASTORAL DE LA IGLESIA LATINOAMERICANA 27|SIGNOS DE AMENAZA Y SIGNOS DE ESPERANZA 31|Signos de amenaza 31|Signos de esperanza 34|VISION PASTORAL DE LA JUVENTUD LATINOAMERICANA|&#xBF;QUE SE ENTIENDE POR JUVENTUD ? 37|LA JUVENTUD UNA REALIDAD SOCIOLOGICA 38|RECORRIDO HISTORICO DE LA PASTORAL JUVENIL LATINOAMERICANA|ESCUELAS Y UNIVERSIDADES CATOLICAS 59|MOVIMIENTOS MARIANOS 60|LA ACCION CATOLICA GENERAL 60|MOVIMIENTOS DE LA ACCI&#xD3;N CATOLICA ESPECIALIZADA 62|LOS MOVIMIENTOS DE ENCUENTEO 64|LOS MOVIMIENTOS INTERNACIONALES 65|EL CELAM Y LA PASTORAL JUVENIL EN AMERICA LATINA 67|LA PASTORAL JUVENIL ORGANICA 69|MARCO DOCTRINAL|INTRODUCCION 77|FUDAMENTOS TEOLOGICOS DE LA PASTORAL JUVENIL CONSTRUCTORA DE LA CIVILIZACION DEL AMOR 79|JESUCRISTO, MODELO FUERZA Y PASCUA DEL PUEBLO DE DIOS 79|LA IGLESIA, SIGNO DE ESPERANZA DEL MUNDO NUEVO 90|EL HOMBRE NUEVO, SUE&#xD1;O DE UNA HUMANIDAD DE LIBERADOS 99|IDENTIDAD DE LA CIVILIZACION DEL AMOR|UNA PROPUESTA 103|DESCRIPCION DE LA PROPUESTA 106|UNA PASTORAL JUVENIL PARA CONSTRUIR LA CIVILIZACION DEL AMOR 113|LA PASTORAL EN LA IGLESIA 113|LA PASTORAL JUVENIL 114|MARCO OPERACIONAL|INTRODUCCION 123|CRITERIOS OPERATIVOS PARA LA EVANGELIZACI&#xD3;N EN EL MUNDO JUVENIL|&#xA1;AY DE MI, SI NO EVANGELIZARA! (1 Cor 9,16) 126|JOVENES PORTADORES DE LAS BUENAS NOTICIAS 131|PROCESOS DE EDUCACION EN LA FE Y DE CONCIENTIZACION|PRESENTACI&#xD3;N DEL PROCESO 137|SISTEMATIZACION DEL PROCESO DE EDUCACION EN LA FE, EN LA ETAPA DE INICIACION 146|PASTORALES JUVENILES DE MEDIOS ESPECIFICOS 166|PEDAGOGIA DE LA ACCION PASTORAL|RASGO DE LA PEDAGOGIA PASTORAL 188|COMUNIDAD JUVENIL, OPCI&#xD3;N PEDAGOGICA DE EVANGELIZACION 191|ESPIRITUALIDAD DE LA PASTORAL JUVENIL 197|JOVENES INTEGRALMENTE FORMADOS 204|ELEMENTOS Y RECURSOS PARA UNA PASTORAL JUVENIL ORGANICA 206</subfield>
  </datafield>
  <datafield tag="590" ind1=" " ind2=" ">
    <subfield code="a">Inventariado, 2022 / DG</subfield>
  </datafield>
  <datafield tag="650" ind1=" " ind2=" ">
    <subfield code="a">EVANGELIZACION</subfield>
    <subfield code="9">476</subfield>
  </datafield>
  <datafield tag="650" ind1=" " ind2=" ">
    <subfield code="a">TEOLOGIA PASTORAL</subfield>
    <subfield code="9">3734</subfield>
  </datafield>
  <datafield tag="710" ind1="2" ind2=" ">
    <subfield code="a">Iglesia Cat&#xF3;lica</subfield>
    <subfield code="b">Consejo Episcopal Latinoamericano.</subfield>
    <subfield code="b">Seccion de Juventud.</subfield>
    <subfield code="9">10709</subfield>
  </datafield>
  <datafield tag="830" ind1=" " ind2="0">
    <subfield code="a">Documentos CELAM ;</subfield>
    <subfield code="9">10710</subfield>
    <subfield code="n">93</subfield>
  </datafield>
  <datafield tag="910" ind1=" " ind2=" ">
    <subfield code="a">DG</subfield>
  </datafield>
  <datafield tag="942" ind1=" " ind2=" ">
    <subfield code="2">ddc</subfield>
    <subfield code="c">LBS1</subfield>
  </datafield>
  <datafield tag="952" ind1=" " ind2=" ">
    <subfield code="0">0</subfield>
    <subfield code="1">0</subfield>
    <subfield code="2">ddc</subfield>
    <subfield code="5">6</subfield>
    <subfield code="7">0</subfield>
    <subfield code="8">GR</subfield>
    <subfield code="a">BNPHU</subfield>
    <subfield code="b">BNPHU</subfield>
    <subfield code="c">HD</subfield>
    <subfield code="d">2009-07-08</subfield>
    <subfield code="o"> BNPHU 269.6 C755p</subfield>
    <subfield code="p">3434-10</subfield>
    <subfield code="r">2020-06-25</subfield>
    <subfield code="w">2020-06-25</subfield>
    <subfield code="y">LBS1</subfield>
  </datafield>
  <datafield tag="952" ind1=" " ind2=" ">
    <subfield code="0">0</subfield>
    <subfield code="1">0</subfield>
    <subfield code="2">ddc</subfield>
    <subfield code="5">6</subfield>
    <subfield code="7">0</subfield>
    <subfield code="8">GR</subfield>
    <subfield code="a">BNPHU</subfield>
    <subfield code="b">BNPHU</subfield>
    <subfield code="c">HD</subfield>
    <subfield code="d">2011-02-18</subfield>
    <subfield code="o">BNPHU 269.2 C755p</subfield>
    <subfield code="p">3434-20</subfield>
    <subfield code="r">2020-06-25</subfield>
    <subfield code="t">e. 2</subfield>
    <subfield code="w">2020-06-25</subfield>
    <subfield code="y">LBS1</subfield>
  </datafield>
  <datafield tag="952" ind1=" " ind2=" ">
    <subfield code="0">0</subfield>
    <subfield code="1">1</subfield>
    <subfield code="2">ddc</subfield>
    <subfield code="5">6</subfield>
    <subfield code="7">0</subfield>
    <subfield code="8">GR</subfield>
    <subfield code="a">BNPHU</subfield>
    <subfield code="b">BNPHU</subfield>
    <subfield code="c">HD</subfield>
    <subfield code="d">2011-04-19</subfield>
    <subfield code="o">BNPHU 269.2 C755p</subfield>
    <subfield code="p">3434-30</subfield>
    <subfield code="r">2020-06-25</subfield>
    <subfield code="t">e. 3</subfield>
    <subfield code="w">2020-06-25</subfield>
    <subfield code="y">LBS1</subfield>
  </datafield>
  <datafield tag="999" ind1=" " ind2=" ">
    <subfield code="c">3264</subfield>
    <subfield code="d">3264</subfield>
  </datafield>
</record>
